| 000 | 01503nam a2200217Ia 4500 | ||
|---|---|---|---|
| 003 | Ost | ||
| 005 | 20260416102359.0 | ||
| 008 | 260416s9999||||xx |||||||||||||| ||und|| | ||
| 040 | _cfsecg | ||
| 041 | _aara | ||
| 082 | _a339 | ||
| 100 |
_aبايزيد، علي _eمؤلف |
||
| 245 | 0 |
_a الاقتصاد الكلي 1 : _bموجهة لطلبة الليسانس العلوم الاقتصادية والعلوم التجارية وعلوم / _c علي بايزيد |
|
| 260 |
_aالجزائر _bجامعة الجزائر3: كلية العلوم الإقتصادية، العلوم التجارية وعلوم التسيير _c2022 |
||
| 300 |
_a119 ورقة _b ايضاحات _c12 سم |
||
| 504 | _a المراجع | ||
| 520 | _aمفاهيم أساسية في الاقتصاد الكلي ،النشاط الاقتصادي وطرق قياسه في الاقتصاد الكلي،بعض مؤشرات الاقتصاد الكلي ،التوازن في الاقتصاد الكلي وفق النظرية الكلاسيكية ،التوازن في الاقتصاد الكلي وفق النموذج الكنزي البسيط في اقتصاد مغلق ،التوازن في الاقتصاد الكلي وفق النموذج الكنزي البسيط في اقتصاد مفتوح . | ||
| 653 | _aالاقتصاد الكلي | ||
| 710 |
_aجامعة الجزائر3: كلية العلوم الإقتصادية، العلوم التجارية وعلوم التسيير _eناشر علمي |
||
| 942 | _cHANDOUT | ||
| 999 |
_c41334 _d41334 |
||